000 00225nam a22000857a 4500
008 170301b xxu||||| |||| 00| 0 eng d
100 _92983
_aFergusson.R
245 _aThe Penguin A-Z The saurus
260 _aNew York
_bPenguin
_c2001
999 _c6227
_d6227